000 00354 a2200121 4500
020 _a0130200042
082 _a620.1053 HIB
100 _aHibbeler, R. C.
245 _aEngineering mechanics:Dynamics /
_cR.C. Hibbeler.
250 _a9th ed.
260 _aUpper Saddle River, N.J. :
_bPrentice Hall,
_cc2001.
300 _axvi, 672 p. :
_bill. (some col.) ;
_c25 cm.
650 _aDynamics.
999 _c769
_d769